000 00372nam a2200157Ia 4500
008 181130s2017 xx 000 0 und d
100 _aBawa, P.S.
245 _aThree shades of impunity
260 _c2017
300 _ap.155-182.
504 _dOct-Dec
650 _aImpunity
650 _aSexual abuse
773 _aIndian Police Journal
906 _aSexual abuse
999 _c506626
_d506626